LEADER 01275nam0 2200301 450 001 000028802 005 20131018120510.0 010 $a978-88-348-1564-9 100 $a20120323d2011----km-y0itay50------ba 101 0 $aita 102 $aIT 105 $ay-------001yy 200 1 $a<>affidamento e la gestione dei servizi pubblici locali a rilevanza economica$epercorsi e disciplina generale$fa cura di Harald Bonura e Massimo Cassano 210 $aTorino$cGiappichelli$dc2011 215 $aXIII, 262 p.$d24 cm 225 2 $aPercorsi istituzionali$iServizi pubblici locali, autonomie e mercati$v1 410 0$12001$aPercorsi istituzionali. Servizi pubblici locali, autonomie e mercati 500 10$a<>affidamento e la gestione dei servizi pubblici locali a rilevanza economica$958093 610 1 $aServizi pubblici locali 610 1 $aDiritto amministrativo 676 $a343.4509$v22$9Diritto e controllo in materia d'imprese di servizi pubblici. Italia 702 1$aBonura,$bHarald 702 1$aCassano,$bMassimo 801 0$aIT$bUNIPARTHENOPE$c20120323$gRICA$2UNIMARC 912 $a000028802 951 $a343-A/25$b43679$cNAVA1$d2012 996 $aAffidamento e la gestione dei servizi pubblici locali a rilevanza economica$958093 997 $aUNIPARTHENOPE LEADER 01511nam1-2200433---450- 001 990003156800203316 005 20081010125437.0 010 $a978-88-6036-177-6 035 $a000315680 035 $aUSA01000315680 035 $a(ALEPH)000315680USA01 035 $a000315680 100 $a20081007d2007----km-y0itay50------ba 101 $aita 102 $aIT 105 $a||||||||001yy 200 1 $a<> tempesta$etradotta e messa in scena$eun carteggio ritrovato fra Strehler e Lombardo e due traduzioni inedite realizzate da Lombardo per il Piccolo Teatro di Milano$fWilliam Shakespeare, Agostino Lombardo, Giorgio Strehler$ga cura di Rosy Colombo 210 $aRoma$cDonzelli$d2007 215 $a1 kit (1 v., 1 DVD)$din contenitore, 22x14x5 cm 300 $aTit. del contenitore 600 1$aShakespeare,$bWilliam. La tempesta$xMessinscena$2BNCF 676 $a792.92 700 1$aSHAKESPEARE,$bWilliam$0132200 702 1$aLOMBARDO,$bAgostino 702 1$aSTREHLER,$bGiorgio 702 1$aCOLOMBO,$bRosy 801 0$aIT$bsalbc$gISBD 912 $a990003156800203316 951 $aXIII.1.A. 481$bL.M.$cXIII.1. 959 $aBK 969 $aUMA 979 $aGIUSY$b90$c20081007$lUSA01$h1255 979 $aGIUSY$b90$c20081007$lUSA01$h1257 979 $aGIUSY$b90$c20081007$lUSA01$h1307 979 $aGIUSY$b90$c20081007$lUSA01$h1317 979 $aGIUSY$b90$c20081007$lUSA01$h1346 979 $aGIUSY$b90$c20081010$lUSA01$h1254 996 $aTempesta$9151569 997 $aUNISA